Group Dynamics And Team Interventions (Record no. 95293)

MARC details
000 -LEADER
fixed length control field 00534nam a2200205Ia 4500
008 - FIXED-LENGTH DATA ELEMENTS--GENERAL INFORMATION
fixed length control field 230125s9999 xx 000 0 und d
020 ## - INTERNATIONAL STANDARD BOOK NUMBER
International Standard Book Number 978-81-265-7649-4
041 ## - LANGUAGE CODE
Language code of text/sound track or separate title eng
082 ## - DEWEY DECIMAL CLASSIFICATION NUMBER
Classification number 302.35
Item number FRA
100 ## - MAIN ENTRY--PERSONAL NAME
Personal name Franz T
9 (RLIN) 117476
245 ## - TITLE STATEMENT
Title Group Dynamics And Team Interventions
260 ## - PUBLICATION, DISTRIBUTION, ETC. (IMPRINT)
Date of publication, distribution, etc. 2018
Name of publisher, distributor, etc. Wiley Publication
Place of publication, distribution, etc. New Delhi
300 ## - PHYSICAL DESCRIPTION
Extent 353p
440 ## - SERIES STATEMENT/ADDED ENTRY--TITLE
Volume/sequential designation 2
500 ## - GENERAL NOTE
Keywords Organizational Behaviour;
650 ## - SUBJECT ADDED ENTRY--TOPICAL TERM
Topical term or geographic name as entry element Organizational Behaviour
700 ## - ADDED ENTRY--PERSONAL NAME
Personal name Franz T
9 (RLIN) 117476
906 ## - LOCAL DATA ELEMENT F, LDF (RLIN)
b 27
Holdings
Withdrawn status Lost status Damaged status Not for loan Home library Current library Date acquired Vendor Cost, normal purchase price Bill number Total Checkouts Full call number Barcode Date last seen Cost, replacement price Bill Date Koha item type Original Barcode
        Smt. Hiraben Nanavati Institute of Management & Research for Women Smt. Hiraben Nanavati Institute of Management & Research for Women 11/01/2019 Pritam Book Centre 649.00 10743   302.35 FRA B17736 HIMR-BK-17736 25/01/2023 622.00 10/01/2019 Books B17736
        Smt. Hiraben Nanavati Institute of Management & Research for Women Smt. Hiraben Nanavati Institute of Management & Research for Women 11/01/2019 Pritam Book Centre 649.00 10743   302.35 FRA B17737 HIMR-BK-17737 25/01/2023 622.00 10/01/2019 Books B17737